000 00571nam a2200181 a 4500
001 2624
005 20180713182609.0
008 140415s1974 mx 000 0 spa d
041 _aspa
082 _a972.061
_bARE
100 1 _aARENAS GUZMAN, DIEGO
245 1 0 _aALFREDO ROBLES DOMINGUEZ EN JORNADA CULMINANTES DE LA REVOLUCION
250 _a1a ed.
260 _aMEXICO :
_bTALLERES GRAFICOS DE LA NACION,
_c1974
300 _a191
490 _aBIBL. DEL INSTITUTO NACIONAL DE ESTUDIOS HISTO...
650 1 4 _aMEXICO
_xHISTORIA
_xREVOLUCION, 1910
_x1917
999 _c2624
_d2624